Asterix in Corsica / (Record no. 58643)
[ view plain ]
| 000 -LEADER | |
|---|---|
| fixed length control field | 00938nam a22002297a 4500 |
| 005 - DATE AND TIME OF LATEST TRANSACTION | |
| control field | 20111123101225.0 |
| 010 ## - LCCN (DPL NO) | |
| LC control number | B-444709 |
| 020 ## - INTERNATIONAL STANDARD BOOK NUMBER | |
| International Standard Book Number | 9780752866444 |
| Terms of availability | 430.00 |
| 035 ## - SYSTEM CONTROL NUMBER | |
| System control number | B-444709 |
| 037 ## - SOURCE OF ACQUISITION | |
| Stock number | Blue Berry/Ven |
| Source of stock number/acquisition | DPL |
| 082 00 - DEWEY DECIMAL CLASSIFICATION NUMBER | |
| Classification number | S |
| 100 1# - MAIN ENTRY--PERSONAL NAME | |
| Personal name | Goscinny,Rene |
| 245 10 - TITLE STATEMENT | |
| Title | Asterix in Corsica / |
| Statement of responsibility, etc | by Rene Goscinny; illustrated by Albert Uderzo; translated by Anthea Bell and Derek Hockridge. |
| 260 ## - PUBLICATION, DISTRIBUTION, ETC. (IMPRINT) | |
| Place of publication, distribution, etc | London |
| Name of publisher, distributor, etc | Orion Publishing Group |
| Date of publication, distribution, etc | 2004 |
| 270 ## - ADDRESS | |
| Address | Orion House, 5 Upper Saint Martin's Lane |
| City | London |
| Postal code | wc2H 9EA |
| 300 ## - PHYSICAL DESCRIPTION | |
| Extent | 48p. |
| Dimensions | 30 cm. |
| Other physical details | col. illus. |
| 490 ## - SERIES STATEMENT | |
| Series statement | An Asterix Adventure |
| -- | 37546 |
| 700 1# - ADDED ENTRY--PERSONAL NAME | |
| Personal name | Uderzo, |
| 9 (RLIN) | 35940 |
| 942 ## - ADDED ENTRY ELEMENTS (KOHA) | |
| Source of classification or shelving scheme | Dewey Decimal Classification |
| Item type | Children Books |
| Classification part | S |
| Call number suffix | GOS |
| Withdrawn status | Lost status | Not for loan | Collection code | Home library | Current library | Date acquired | Source of acquisition | Cost, normal purchase price | Full call number | Barcode | Copy number | Cost, replacement price | Koha item type |
|---|---|---|---|---|---|---|---|---|---|---|---|---|---|
| Fiction | Sarojini Nagar | Sarojini Nagar | 23/12/2011 | Blue Berry/7042/29.9.11/83/21.3.11/12.10.11 | 430.00 | S GOS | B-444709 | 1 | 430.00 | Children Books |
